Славният ловец (Запис номер 136769)
[ съкратено ]
| 000 -Лидер | |
|---|---|
| Контролно поле с фиксирана дължина | 01508nam a2200337 a 4500 |
| 003 - Код на организацията, давaща контролен номер | |
| Контролно поле | BLK |
| 005 - Дата и час на последна редакция | |
| Контролно поле | 20241009005439.0 |
| 008 - Елементи от данни с фиксирана дължина | |
| fixed length control field | 180409b bul|||||r ||||||| ||bul|| |
| 010 ## - Наследен системен номер | |
| LC control number | KNG00142725000 |
| 040 ## - Източник на каталожния запис | |
| Идентификатор на билиотеката - собственик на записа | BLK |
| 041 ## - Код за език | |
| Код за езика на текст/звукозапис или на отделно заглавие | Български |
| Код за езика КДБФ | Български |
| 080 ## - УДК | |
| Текстов определител УДК | Българска литература |
| УДК код - определител по УДК | 821.163.2 |
| УДК определител | -93-34 |
| УДК - код + определител | 821.163.2-93-34 |
| 100 1# - Редна дума - Автор | |
| Автор | Разцветников, Асен |
| Дати, свързани с автора | 1897 - 1951 |
| Пълна форма на името | Коларов, Асен Петков |
| Авторска отговорност | първи автор |
| Автор - информация (биография) | Коларов, Асен Петков |
| R(LIN) | 114515 |
| 139 ## - Редно поле | |
| Редна дума | Разцветников, Асен |
| Авторски знак | Разц - Р 26 |
| 245 10 - Сведения за заглавието | |
| Заглавие | Славният ловец |
| Подзаглавни данни | Приказка |
| Редно поле (дума) | Асен Разцветников; нарис. Борис Китанов; нарис. Кюно Хаглунд; * Асен Петков Коларов. |
| 257 ## - Страна на издаване | |
| Страна на създаване/издаване | България |
| 260 ## - Област на издателските данни | |
| Име на издателя, разпространителя и проч. | Бълг. писател |
| Година на издаване | 1959 |
| Печатница | София : ДПК Д. Благоев |
| Място на издаване, разпространение и проч. | София |
| 300 ## - Физическа характеристика | |
| Страници | 17 с. |
| Илюстрации и др. | с ил. |
| Размери/Мащаб | 37 см |
| 380 ## - Жанр | |
| Жанр | Детска худож. лит. |
| 500 ## - Общи забележки | |
| Забележка | 35 100 тир. - Асен Разцветников е псевд. на авт. Асен Петков Коларов |
| 700 1# - Други автори (авторска отговорност) | |
| Лично име | Китанов, Борис |
| Автороска отговорност (Описва отношението между автора и произведението) | нарис. |
| 9 (RLIN) | 325514 |
| 700 1# - Други автори (авторска отговорност) | |
| Лично име | Хаглунд, Кюно |
| Автороска отговорност (Описва отношението между автора и произведението) | нарис. |
| 9 (RLIN) | 135361 |
| 700 1# - Други автори (авторска отговорност) | |
| Лично име | Коларов, Асен Петков |
| Автороска отговорност (Описва отношението между автора и произведението) | * |
| 9 (RLIN) | 366358 |
| 852 ## - Местоположение | |
| Форматна сигнатура | Цб ІІ 17608 |
| 856 4# - Електронен адрес и достъп | |
| Електронен формат | pdf - файл |
| 856 4# - Електронен адрес и достъп | |
| Електронен формат | pdf - файл |
| 999 ## - СИСТЕМНИ КОНТРОЛНИ НОМЕРА | |
| Koha biblionumber | 136769 |
| Koha biblioitemnumber | 136769 |
| 942 ## - АРТИКУЛИ | |
| Вид на библиотечния материал | Книги |
| Скрит в OPAC | Не |
| Периодичен библиозапис | Да |
| 944 ## - СЪЗДАВАНЕ И РЕДАКЦИЯ на ЗАПИСА | |
| Създаване/Редакция | Създаване |
| Дата на регистрацията/редакция | 15.05.2013 |
| Статус, дата на статуса | CRON CRON |
| Служител, извършил регистрацията/редакцията | |
| 944 ## - СЪЗДАВАНЕ И РЕДАКЦИЯ на ЗАПИСА | |
| Създаване/Редакция | Редакция |
| Дата на регистрацията/редакция | 15.05.2013 |
| Статус, дата на статуса | 15.05.2013 - от С1,Р / 15.05.2013 |
| 999 ## - СИСТЕМНИ КОНТРОЛНИ НОМЕРА | |
| Koha biblioitemnumber | 136769 |
| Код за отписване | Код за изгубен артикул | Източник на класификационната схема | Код за повреда | Коз за рестрикции | Код за отдаване | Артикулен № | Име на библиотеката - собственик | Име на библиотеката, в която се намира в момента | Статус (Текущо местоположение) | Дата на вписване в системата | Местоположение - отдел | Цена в лева | Инвентарен номер | Систематично азбучна сигнатура | Баркод | Номер на екземпляра | Цена в евро | Служебна бележка | Служебен тип на артикула |
|---|---|---|---|---|---|---|---|---|---|---|---|---|---|---|---|---|---|---|---|
| Не е изгубен | Universal Decimal Classification | Не е повреден | само за читалня | ползва се в читалня | 223647 | Регионална библиотека "Любен Каравелов" Русе | Регионална библиотека "Любен Каравелов" Русе | Хранилище | 1959-01-01 | Основен фонд - ползва се само за читалня | 0.25 | 8413/59 | Цб ІІ 17608 | 900000038150 | 1 | 0.13 | N: стар фонд Дата: 01.01.1959 | Книги |